=LDR 00000nam 2200000 4500 =001 INLIS000000000034876 =005 20130612140752 =008 ***********************************ind** =035 ##$$0010-061300000034876 =041 ##$$a ind =082 ##$$a 028.5 =090 ##$$a 028.5, yul s =100 ##$$a Yulianty, rany =245 ##$$a Super doa, Doa dan cerita untuk ananda, Rani Yulianty;Penyunting, Dwi =260 ##$$a 2008 $b Bandung =300 ##$$a x,86 hlm, ilus, 15 cm =650 ##$$a Bacaan Anak-Anak =700 ##$$a Dwi =850 ##$$a NBPNMAT